00410 a2200121 4500001000900000005001700009008004100026245006800067100002600135700003400161773007600195999001700271ART_982420260410161839.0260409a 10aEl uso de técnicas C.V.U. en apoyo de decisiones alternativas1 aYardin, Amaro Ramón1 aRodríguez Jauregui, Hugo A.0 tContabilidad y administracióng- Año 6, Nº 72 (jun. 1983)wREV5485 c23892d23892